Los orígenes del marxismo /

Guardado en:
书目详细资料
主要作者: Valverde Mucientes, Carlos (autor)
格式: 图书
语言:西班牙语
出版: Madrid, España : Editorial Católica, 1974, c1974
标签: 添加标签
没有标签, 成为第一个标记此记录!

MARC

LEADER 00000nam^a2200000^a^4500
001 000558492
005 20250616000000.0
009 20260310131821.995
020 |a 84-220-0678-2 
037 |a Acervo ITESO - Biblioteca 
041 |a ESP 
091 |a FGM. 00650 
100 |a Valverde Mucientes, Carlos  |e (autor) 
245 1 4 |a Los orígenes del marxismo / 
264 4 |a Madrid, España :  |b Editorial Católica,  |c 1974, c1974 
300 |a XI, 273 p. 
336 |a texto  |b txt  |2 rdacontenido 
337 |a sin mediación  |b n  |2 rdamedio 
338 |a volumen  |b nc  |2 rdasoporte 
649 |a XX 
910 |a Fondo Efraín González Morfín 
920 |a Impresos - Libros 
930 |a Fondos Especiales 
905 |a 130 
901 |a 0500391262  |b IT2  |c ESL  |i D88839  |u 20250521 
902 |a https://opac.biblio.iteso.mx/vufind/Record/000558492